Catálogo público

The Leica in professional practice / (Record no. 202171)

MARC details
000 -CABECERA
campo de control de longitud fija 00641nam a2200253Ia 4500
001 - NÚMERO DE CONTROL
campo de control Para_3736
003 - IDENTIFICADOR DEL NÚMERO DE CONTROL
campo de control CHAP
008 - DATOS DE LONGITUD FIJA--INFORMACIÓN GENERAL
campo de control de longitud fija 220125s1955 xx 000 0 und d
010 ## - NÚMERO DE CONTROL DE LA BIBLIOTECA DEL CONGRESO
Número de control de LC 202171
040 ## - FUENTE DE LA CATALOGACIÓN
Centro/agencia transcriptor CHAP
082 ## - NÚMERO DE LA CLASIFICACIÓN DECIMAL DEWEY
Número de clasificación PA 621.367 S8
100 ## - ENTRADA PRINCIPAL--NOMBRE DE PERSONA
Nombre de persona Stockler, Heinrich
9 (RLIN) 109835
245 ## - MENCIÓN DE TÍTULO
Título The Leica in professional practice /
Mención de responsabilidad, etc. Heinrich Stochler
260 ## - PUBLICACIÓN, DISTRIBUCIÓN, ETC.
Lugar de publicación, distribución, etc. London :
Nombre del editor, distribuidor, etc. Fountain
300 ## - DESCRIPCIÓN FÍSICA
Extensión 340 p.
650 ## - PUNTO DE ACCESO ADICIONAL DE MATERIA--TÉRMINO DE MATERIA
Término de materia o nombre geográfico como elemento de entrada Fotografía
9 (RLIN) 42710
901 ## - ELEMENTOS DE DATOS A LOCAL LDA (RLIN)
a PA 621.367 S8
902 ## - ELEMENTOS DE DATOS B LOCAL, LDB (RLIN)
a A
905 ## - ELEMENTOS DE DATOS E LOCAL, LDE (RLIN)
a 0000001955 enka 0000000000 00
910 ## - DATOS DE OPCIÓN DEL USUARIO (OCLC)
Datos de opción del usuario 1955
942 ## - ELEMENTOS DE PUNTO DE ACCESO ADICIONAL (KOHA)
Tipo de ítem Koha Parasitologia_
942 ## - ELEMENTOS DE PUNTO DE ACCESO ADICIONAL (KOHA)
Tipo de ítem Koha Parasitologia_
-- 1
Holdings
Estado de retiro Estado de pérdida Fuente del sistema de clasificación o colocación Estado dañado Restricciones de uso No para préstamo Código de colección Localización permanente Ubicación/localización actual Fecha de adquisición Número de inventario Total de préstamos Signatura topográfica completa Código de barras Fecha visto por última vez Número de copia Precio válido a partir de Tipo de ítem Koha Nota pública
    Dewey Decimal Classification   Préstamo interno   General Parasitologia Agricola Parasitologia Agricola 27/10/2005 (PA_1073) (No. UACh C/E)   PA 621.367 S8 4102001291 25/01/2022 Ej.1 25/01/2022 Libro 3